LEADER 02403nam 2200601 a 450 001 9910465720903321 005 20200520144314.0 010 $a1-61761-400-9 035 $a(CKB)2560000000081462 035 $a(EBL)3019566 035 $a(SSID)ssj0000690139 035 $a(PQKBManifestationID)12277265 035 $a(PQKBTitleCode)TC0000690139 035 $a(PQKBWorkID)10620621 035 $a(PQKB)10426057 035 $a(MiAaPQ)EBC3019566 035 $a(Au-PeEL)EBL3019566 035 $a(CaPaEBR)ebr10671131 035 $a(OCoLC)793339967 035 $a(EXLCZ)992560000000081462 100 $a20100625d2011 uy 0 101 0 $aeng 135 $aur|n|---||||| 181 $ctxt 182 $cc 183 $acr 200 00$aHypertension and bone loss$b[electronic resource] /$fAfrooz Afghani, editor 210 $aHauppauge, N.Y. $cNova Science Publishers$d2011 215 $a1 online resource (106 p.) 225 1 $aAging issues, health and financial alternatives 225 1 $aCardiology research and clinical developments 300 $a"Nova biomedical." 311 $a1-61728-784-9 320 $aIncludes bibliographical references and index. 327 $aThe renin-angiotensin system and osteoporosis / Jose Luis Perez-Castrillon, Daniel de Luis, Antonio Duenas-Laita -- Bone mineral density in men and women with essential hypertension / Kazushi Tsuda -- Inverse relationship between blood pressure and bone mineral content in overweight Hispanic women / Afrooz Afghani -- Bone mass and bone remodelling markers in hypertensive postmenopausal women on thiazide diuretics : the Camargo cohort study / Jose M. Olmos ... [et al.] -- Unexpected link between hypertension and osteoporosis / Hideo Shimizu ... [et al.]. 410 0$aAging issues, health and financial alternatives series. 410 0$aCardiology research and clinical developments series. 606 $aOsteoporosis 606 $aHypertension$xEtiology 606 $aOsteoporosis$xEtiology 608 $aElectronic books. 615 0$aOsteoporosis. 615 0$aHypertension$xEtiology. 615 0$aOsteoporosis$xEtiology. 676 $a616.7/16 701 $aAfghani$b Afrooz$0936150 801 0$bMiAaPQ 801 1$bMiAaPQ 801 2$bMiAaPQ 906 $aBOOK 912 $a9910465720903321 996 $aHypertension and bone loss$92259519 997 $aUNINA